Software Metrics (Record no. 315284)
[ view plain ]
| 000 -LEADER | |
|---|---|
| fixed length control field | 00445nam a2200169Ia 4500 |
| 008 - FIXED-LENGTH DATA ELEMENTS--GENERAL INFORMATION | |
| fixed length control field | 230718s9999 xx 000 0 und d |
| 041 ## - LANGUAGE CODE | |
| Language code of text/sound track or separate title | eng |
| 082 ## - DEWEY DECIMAL CLASSIFICATION NUMBER | |
| Classification number | 005.14 |
| Item number | FEN |
| 100 ## - MAIN ENTRY--PERSONAL NAME | |
| Personal name | Fenton N.E. |
| 245 ## - TITLE STATEMENT | |
| Title | Software Metrics |
| Remainder of title | A Rigorous and Practical Approach |
| 250 ## - EDITION STATEMENT | |
| Edition statement | 2nd ed. |
| 260 ## - PUBLICATION, DISTRIBUTION, ETC. (IMPRINT) | |
| Date of publication, distribution, etc. | 2005 |
| Name of publisher, distributor, etc. | Thomson |
| 300 ## - PHYSICAL DESCRIPTION | |
| Extent | 638 |
| 365 ## - TRADE PRICE | |
| Currency code | Rs. |
| Price amount | 425.00 |
| 700 ## - ADDED ENTRY--PERSONAL NAME | |
| Personal name | Fenton N.E. & Pfleeger S.L. |
| 906 ## - LOCAL DATA ELEMENT F, LDF (RLIN) | |
| d | 1060700640/18.08.06 |
| c | IT |
| b | 85 |
| Withdrawn status | Lost status | Damaged status | Not for loan | Home library | Current library | Date acquired | Vendor | Budget Code | Cost, normal purchase price | Bill number | Total Checkouts | Full call number | Barcode | Date last seen | Discount | Cost, replacement price | Bill Date | Koha item type | Original Barcode |
|---|---|---|---|---|---|---|---|---|---|---|---|---|---|---|---|---|---|---|---|
| Cummins College of Engineering for Women Pune | Cummins College of Engineering for Women Pune | 06/11/2006 | Varma Book Distributors | IT | 340.00 | 1060700640/18.08.06 | 005.14 | CCEP-BK-26491 | 18/07/2023 | 85 | 425.00 | 18/08/2006 | Books | 026491 |